|
|
|
|
| LEADER |
00000nam0a2200000 4500 |
| 001 |
254361 |
| 005 |
20231101232928.0 |
| 010 |
|
|
|a 5020000973
|
| 035 |
|
|
|a (RuTPU)RU\TPU\book\276811
|
| 035 |
|
|
|a RU\TPU\book\74046
|
| 090 |
|
|
|a 254361
|
| 100 |
|
|
|a 20140320d1989 k y0rusy50 ca
|
| 101 |
0 |
|
|a rus
|
| 102 |
|
|
|a RU
|
| 105 |
|
|
|a c z 011zd
|
| 200 |
1 |
|
|a Статистическая механика и теория динамических систем
|e сборник статей
|f Академия наук СССР (АН СССР), Математический институт им. В. А. Стеклова (МИАН) ; под ред. Н. Н. Боголюбова
|
| 210 |
|
|
|a Москва
|c Наука
|d 1989
|
| 215 |
|
|
|a 220 с.
|c портр.
|
| 225 |
1 |
|
|a Труды Математического института им. В. А. Стеклова
|v Т. 191
|
| 300 |
|
|
|a К 80-летию со дня рождения академика Н. Н. Боголюбова
|
| 320 |
|
|
|a Библиогр. в конце статей
|
| 606 |
1 |
|
|a Статистическая механика
|2 stltpush
|3 (RuTPU)RU\TPU\subj\56840
|9 74727
|
| 606 |
1 |
|
|a Динамические системы, теория
|2 stltpush
|3 (RuTPU)RU\TPU\subj\59465
|9 77000
|
| 610 |
1 |
|
|a сверхпроводимость
|
| 610 |
1 |
|
|a квантовые эффекты
|
| 610 |
1 |
|
|a квазисредние
|
| 610 |
1 |
|
|a неравновесные системы
|
| 610 |
1 |
|
|a кинетические уравнения
|
| 675 |
|
|
|a 531.19
|v 3
|
| 675 |
|
|
|a 517.93
|v 3
|
| 702 |
|
1 |
|a Боголюбов
|b Н. Н.
|c российский физик-теоретик
|c математик
|f 1909-1992
|g Николай Николаевич
|2 stltpush
|3 (RuTPU)RU\TPU\pers\11678
|4 340
|9 2847
|
| 712 |
0 |
2 |
|a Академия наук СССР (АН СССР)
|b Математический институт им. В. А. Стеклова (МИАН)
|2 stltpush
|3 (RuTPU)RU\TPU\col\11336
|
| 801 |
|
1 |
|a RU
|b 63413507
|c 20041027
|g PSBO
|
| 801 |
|
2 |
|a RU
|b 63413507
|c 20140708
|g PSBO
|
| 942 |
|
|
|c BK
|